| 000 | 00693nam a2200181 a 4500 | ||
|---|---|---|---|
| 005 | 20210223122205.0 | ||
| 008 | 991125s1943 mx 000 0 spa u | ||
| 035 | _aUPN01000030799 | ||
| 049 | _aCG | ||
| 050 | 4 |
_aJX1974 _bC6.5 |
|
| 110 | 2 | _aComité Consultivo de Emergencia para la Defensa Política | |
| 245 | 1 | 0 |
_aInforme anual rendido a los gobiernos de las Repúblicas Americanas : _bjulio de 1943 / _cComité Consultivo de Emergencia para la Defensa Política. |
| 260 |
_aMontevideo : _bComité Consultivo de Emergencia para la Defensa Política, _c1943. |
||
| 300 | _a281 p. | ||
| 650 | 4 |
_aDESARME - _zAMERICA LATINA _915146 |
|
| 650 | 4 |
_aSEGURIDAD INTERNACIONAL _914980 |
|
| 905 | _aLibro | ||
| 999 |
_c30799 _d30799 |
||